| 000 | 00853nas a2200277 4500 | ||
|---|---|---|---|
| 001 | BR0200456 | ||
| 003 | BR-BrBNA | ||
| 005 | 20231205102636.0 | ||
| 007 | ta | ||
| 008 | 230509b bl.|||p| |||| 00| 00por d | ||
| 040 |
_aBR-BrBNA _bpor _cBiblioteca Nacional de Agricultura |
||
| 041 | _a(Pt) | ||
| 072 | _aH10 | ||
| 100 | 1 | _aQuirino, E. da S. | |
| 100 | 1 | _aSoares, J.J. | |
| 245 | 1 | _aEfeito do ataque de Alabama argillacea no crescimento vegetativo e sua relação com a fenologia do algodoeiro | |
| 650 | _aALGODÃO | ||
| 650 | _aCURUQUERÊ | ||
| 650 | _aÁREA FOLIAR | ||
| 650 | _aFENOLOGIA | ||
| 650 | _aESTATURA DE PLANTA | ||
| 650 | _aCAULE | ||
| 773 | 0 |
_tPesquisa Agropecuária Brasileira (Brazil) _xISSN 0100-204X _g(Aug 2001), v. 36 (8) p. 1005-1010 _wBR0200456 |
|
| 909 |
_a202311 _bLúcia _c55 _dLúcia Elande |
||
| 942 |
_2AGRIS _n0 _cANA |
||
| 999 |
_c168603 _d168603 |
||